[Event "International Tournament"]
[Site "Thivon"]
[Date "2016.09.02"]
[Round "9.11"]
[White "Kaforos, Dimitrios-Alkis"]
[Black "Ornithopoulos, Nikolaos"]
[Result "1-0"]
[BlackElo "1967"]
[WhiteElo "2204"]
[LiveChessVersion "1.4.8"]

1. e4 {[%clk 1:30:56]} c5 {[%clk 1:30:54]} 2. Nf3 {[%clk 1:31:21]} Nc6
{[%clk 1:31:16]} 3. d4 {[%clk 1:31:47]} cxd4 {[%clk 1:31:41]} 4. Nxd4
{[%clk 1:32:12]} Nf6 {[%clk 1:31:56]} 5. Nc3 {[%clk 1:32:36]} g6 {[%clk 1:32:08]}
6. Nxc6 {[%clk 1:32:49]} bxc6 {[%clk 1:32:24]} 7. e5 {[%clk 1:33:06]} Nh5
{[%clk 1:32:43]} 8. Bc4 {[%clk 1:31:34]} Qa5 {[%clk 1:33:06]} 9. Qd4
{[%clk 1:29:08]} Bg7 {[%clk 1:32:55]} 10. f4 {[%clk 1:29:02]} d6 {[%clk 1:32:41]}
11. O-O {[%clk 1:27:51]} O-O {[%clk 1:31:07]} 12. Re1 {[%clk 1:26:39]} dxe5
{[%clk 1:28:30]} 13. fxe5 {[%clk 1:26:58]} Qb6 {[%clk 1:23:50]} 14. Be3
{[%clk 1:24:51]} Qxd4 {[%clk 1:23:26]} 15. Bxd4 {[%clk 1:25:17]} Nf4
{[%clk 1:22:44]} 16. Bc5 {[%clk 1:24:42]} Re8 {[%clk 1:22:25]} 17. Rad1
{[%clk 1:24:41]} Ne6 {[%clk 1:16:48]} 18. Bf2 {[%clk 1:24:41]} a5
{[%clk 1:15:50]} 19. Na4 {[%clk 1:24:05]} Nc7 {[%clk 1:06:12]} 20. Nc5
{[%clk 1:20:27]} Bf5 {[%clk 1:01:22]} 21. Bb3 {[%clk 1:18:32]} Red8
{[%clk 0:57:20]} 22. Bg3 {[%clk 1:14:04]} Nd5 {[%clk 0:53:11]} 23. e6
{[%clk 1:11:48]} Rdc8 {[%clk 0:40:31]} 24. c3 {[%clk 1:10:59]} Bh6
{[%clk 0:38:08]} 25. exf7+ {[%clk 1:08:54]} Kxf7 {[%clk 0:38:02]} 26. Na4
{[%clk 1:08:44]} Rd8 {[%clk 0:37:02]} 27. Nb6 {[%clk 1:08:16]} e6
{[%clk 0:34:49]} 28. Nxa8 {[%clk 1:08:11]} Rxa8 {[%clk 0:35:11]} 29. c4
{[%clk 1:07:07]} Ne7 {[%clk 0:23:20]} 30. Ba4 {[%clk 1:06:55]} Bg7
{[%clk 0:23:37]} 31. Be5 {[%clk 1:07:01]} Ra7 {[%clk 0:19:48]} 32. Bxg7
{[%clk 1:07:07]} Kxg7 {[%clk 0:18:00]} 33. Rd6 {[%clk 1:07:33]} Ra6
{[%clk 0:15:46]} 34. c5 {[%clk 1:07:37]} Kf6 {[%clk 0:14:57]} 35. Bb5
{[%clk 1:07:48]} Ra7 {[%clk 0:15:16]} 36. Bxc6 {[%clk 1:08:01]} Rc7
{[%clk 0:15:38]} 37. Bd7 {[%clk 1:08:19]} Rxc5 {[%clk 0:15:25]} 38. Bxe6
{[%clk 1:08:44]} Kg7 {[%clk 0:13:41]} 39. Rd7 {[%clk 1:08:33]} 1-0

[Event "International Tournament"]
[Site "Thivon"]
[Date "2016.09.02"]
[Round "9.12"]
[White "Papadopoulos, Georgios"]
[Black "Beliotis, Georgios"]
[Result "1-0"]
[BlackElo "1922"]
[WhiteElo "2169"]
[LiveChessVersion "1.4.8"]

1. d4 {[%clk 1:30:57]} Nf6 {[%clk 1:28:24]} 2. c4 {[%clk 1:31:14]} g6
{[%clk 1:28:27]} 3. Nc3 {[%clk 1:31:22]} Bg7 {[%clk 1:28:50]} 4. e4
{[%clk 1:31:29]} d6 {[%clk 1:29:16]} 5. h3 {[%clk 1:31:26]} O-O {[%clk 1:24:12]}
6. Be3 {[%clk 1:30:42]} e5 {[%clk 1:23:01]} 7. d5 {[%clk 1:30:58]} Na6
{[%clk 1:18:12]} 8. Bd3 {[%clk 1:28:05]} Nc5 {[%clk 1:17:41]} 9. Bc2
{[%clk 1:28:22]} a5 {[%clk 1:17:58]} 10. Nge2 {[%clk 1:28:08]} Bd7
{[%clk 1:16:02]} 11. O-O {[%clk 1:27:22]} Qe8 {[%clk 1:13:50]} 12. Qd2
{[%clk 1:26:58]} c6 {[%clk 1:06:02]} 13. f3 {[%clk 1:17:58]} Rd8 {[%clk 1:00:37]}
14. Bg5 {[%clk 1:11:09]} b5 {[%clk 0:56:15]} 15. dxc6 {[%clk 1:09:52]} Bxc6
{[%clk 0:56:36]} 16. cxb5 {[%clk 1:09:46]} Bxb5 {[%clk 0:56:03]} 17. Nxb5
{[%clk 1:07:05]} Qxb5 {[%clk 0:56:24]} 18. Nc3 {[%clk 1:07:09]} Qb4
{[%clk 0:52:14]} 19. Rfd1 {[%clk 1:04:51]} Ne6 {[%clk 0:46:15]} 20. Be3
{[%clk 1:00:15]} Rc8 {[%clk 0:42:53]} 21. Rab1 {[%clk 0:57:59]} Rfd8
{[%clk 0:41:21]} 22. a3 {[%clk 0:53:23]} Qb7 {[%clk 0:40:29]} 23. Ba4
{[%clk 0:53:00]} Nd7 {[%clk 0:30:23]} 24. b4 {[%clk 0:47:30]} axb4
{[%clk 0:29:01]} 25. Rxb4 {[%clk 0:47:27]} Qa6 {[%clk 0:22:45]} 26. Nd5
{[%clk 0:47:06]} Ra8 {[%clk 0:17:50]} 27. Bxd7 {[%clk 0:46:01]} Rxd7
{[%clk 0:17:57]} 28. Nb6 {[%clk 0:46:27]} Rdd8 {[%clk 0:17:54]} 29. Nxa8
{[%clk 0:45:47]} Qxa8 {[%clk 0:18:18]} 30. a4 {[%clk 0:44:12]} Nd4
{[%clk 0:17:52]} 31. Bxd4 {[%clk 0:42:20]} exd4 {[%clk 0:18:15]} 32. Qd3
{[%clk 0:38:48]} Qc6 {[%clk 0:15:06]} 33. Rdb1 {[%clk 0:37:10]} Be5
{[%clk 0:14:30]} 34. Qc4 {[%clk 0:36:14]} Qc5 {[%clk 0:13:21]} 35. Qxc5
{[%clk 0:34:43]} dxc5 {[%clk 0:13:45]} 36. Rc4 {[%clk 0:35:09]} d3
{[%clk 0:12:41]} 37. Kf1 {[%clk 0:35:31]} Bd4 {[%clk 0:12:24]} 38. Rd1
{[%clk 0:35:33]} Be3 {[%clk 0:12:24]} 39. Rc3 {[%clk 0:35:56]} c4
{[%clk 0:11:18]} 40. Rxc4 {[%clk 0:51:20]} d2 {[%clk 0:26:44]} 41. Ke2
{[%clk 0:51:42]} Bh6 {[%clk 0:27:01]} 42. g3 {[%clk 0:52:03]} Rb8
{[%clk 0:26:48]} 43. f4 {[%clk 0:51:57]} Rb3 {[%clk 0:27:14]} 44. Kf2
{[%clk 0:52:13]} Rd3 {[%clk 0:27:33]} 45. Rc2 {[%clk 0:52:24]} Rd4
{[%clk 0:27:57]} 46. Rcxd2 {[%clk 0:52:42]} Rxa4 {[%clk 0:28:18]} 47. e5
{[%clk 0:52:51]} 1-0